000 00895ngm a22003010a 4500
001 PT25721
003 AR-LpoUNG
005 20210202000400.0
007 vd cvaizq
008 191001s1941||||it |||||||||||||||||ita d
040 _aAR-LpoUNG
_bspa
_cAR-LpoUNG
_eaacr
041 _aita
044 _ait
082 0 _a320.53 64uom
100 1 _aDe Robertis, Francesco María
_edir.
245 1 0 _aUomini sul fondo
260 _as.l. :
_bs.n.,
_c[1941].
300 _aDVD : son., byn
505 0 _aDiálogos en italiano, sin subtítulos. Hecha en 1941
520 _aFilm de propaganda fascista realizada durante la guerra, realizado por un capitán de marina, que retrata el heroísmo de los marineros de un submarino de guerra.
651 4 _aItalia
653 _aCINE Y TOTALITARISMO
653 _aDVD
653 _aFASCISMO
653 _aVIDEOS
905 _a25721
942 _cDVD
999 _c54750
_d54750